[Event "Hollywood Masters op"]
[Site "Los Angeles"]
[Date "2022.10.29"]
[Round "8"]
[White "Shabalov, Alexander"]
[Black "Ozenir, Ekin Baris"]
[Result "1-0"]
[WhiteElo "2504"]
[BlackElo "2343"]
[PlyCount "101"]
[EventDate "2022.10.26"]
[EventType "swiss"]
[EventRounds "9"]
[EventCountry "USA"]
[SourceTitle "EXT 2024"]
[Source "ChessBase"]
[SourceDate "2023.10.10"]
[SourceVersion "1"]
[SourceVersionDate "2023.10.10"]
[SourceQuality "1"]

1. d4 Nf6 2. c4 e6 3. Nf3 b6 4. g3 Bb7 5. Bg2 g6 6. Nc3 Ne4 7. Qc2 Nxc3 8. bxc3 Bg7 9. e4 Nc6 10. Bg5 f6 11. Be3 Na5 12. Nd2 Qe7 13. 0-0 0-0 14. Rfe1 f5 15. c5 d6 16. Rad1 dxc5 17. dxc5 Qf6 18. Rc1 e5 19. f4 exf4 20. e5 Qe6 21. gxf4 Bxg2 22. Kxg2 Rfd8 23. Nf3 Bf8 24. c4 Qc6 25. Kg3 Bxc5 26. Bxc5 Qxc5 27. e6 Nc6 28. Qc3 Qe7 29. c5 b5 30. Ng5 b4 31. Qc4 Rd2 32. Nf3 Rdd8 33. Rcd1 Kg7 34. Rd5 h6 35. Qd3 Qf6 36. Rd7+ Rxd7 37. exd7 Rd8 38. Re8 Qf7 39. Rxd8 Nxd8 40. Qd4+ Kh7 41. c6 Qe6 42. Qe5 Qxe5 43. fxe5 Kg7 44. Nd4 Kf7 45. Kf4 a5 46. h4 a4 47. h5 gxh5 48. Kxf5 b3 49. axb3 a3 50. e6+ Ke7 51. Ke5 1-0

[Event "Hollywood Masters op"]
[Site "Los Angeles"]
[Date "2022.10.26"]
[Round "1"]
[White "Ozenir, Ekin Baris"]
[Black "Nyzhnyk, Illya"]
[Result "0-1"]
[WhiteElo "2343"]
[BlackElo "2687"]
[PlyCount "102"]
[EventDate "2022.10.26"]
[EventType "swiss"]
[EventRounds "9"]
[EventCountry "USA"]
[SourceTitle "EXT 2024"]
[Source "ChessBase"]
[SourceDate "2023.10.10"]
[SourceVersion "1"]
[SourceVersionDate "2023.10.10"]
[SourceQuality "1"]

1. Nf3 d5 2. d4 Nf6 3. c4 e6 4. g3 Bb4+ 5. Bd2 Bd6 6. Bg2 c6 7. Qc2 Nbd7 8. 0-0 0-0 9. Bg5 h6 10. Bxf6 Nxf6 11. Nbd2 b6 12. e4 Be7 13. cxd5 cxd5 14. e5 Nd7 15. Rfc1 Nb8 16. Bf1 Bd7 17. a3 Nc6 18. b4 Rc8 19. Qb2 Rc7 20. Rc3 Qc8 21. Rac1 a6 22. Bd3 Qb7 23. Bb1 Rfc8 24. Qc2 g6 25. h4 Bd8 26. Qd3 Kg7 27. h5 Be8 28. g4 a5 29. b5 Ne7 30. a4 Rxc3 31. Rxc3 Rxc3 32. Qxc3 gxh5 33. Qd3 Ng8 34. Qh7+ Kf8 35. gxh5 Qc7 36. Nf1 Qc1 37. Kg2 f5 38. exf6 Qc7 39. Ne5 Qxh7 40. Bxh7 Nxf6 41. Bg6 Nxh5 42. Bc2 Nf4+ 43. Kf3 Bg5 44. Nh2 h5 45. Bd1 Ke7 46. Bc2 h4 47. Kg4 Kf6 48. Kf3 Bh5+ 49. Nhg4+ Ke7 50. Bd1 Kd6 51. Nc6 Nd3 0-1

[Event "Belgrade Serbia op"]
[Site "Belgrade"]
[Date "2021.07.08"]
[Round "9"]
[White "Mohammad, Nubairshah Shaikh"]
[Black "Ozenir, Ekin Baris"]
[Result "1-0"]
[WhiteElo "2436"]
[BlackElo "2331"]
[PlyCount "175"]
[EventDate "2021.07.02"]
[EventType "swiss"]
[EventRounds "9"]
[EventCountry "SRB"]
[SourceTitle "EXT 2022"]
[Source "ChessBase"]
[SourceDate "2021.10.06"]
[SourceVersion "1"]
[SourceVersionDate "2021.10.06"]
[SourceQuality "1"]

1. d4 Nf6 2. c4 e6 3. Nc3 Bb4 4. Qc2 0-0 5. e4 d6 6. Bd3 c5 7. a3 Ba5 8. dxc5 dxc5 9. e5 Ng4 10. Nf3 Nc6 11. Bf4 Nd4 12. Nxd4 cxd4 13. 0-0-0 f5 14. Nb5 Bd7 15. Nxd4 Bb6 16. h3 Ba4 17. Qxa4 Qxd4 18. g3 Nxf2 19. Bxf5 Nxd1 20. Rxd1 Qf2 21. Bxe6+ Kh8 22. Qb3 Rxf4 23. gxf4 Qxf4+ 24. Kb1 Qxe5 25. Bd5 Rb8 26. Rf1 Bc5 27. Qd3 b6 28. Rf5 Qd4 29. Qe2 a5 30. Ka2 Qe3 31. Qxe3 Bxe3 32. b4 g6 33. Rf7 Re8 34. Kb3 Bc1 35. c5 bxc5 36. bxa5 Re3+ 37. Kc2 Rxa3 38. Kxc1 Rxa5 39. Kd2 Ra4 40. Kc3 Rd4 41. Be6 Re4 42. Bc8 Kg8 43. Rc7 Re5 44. Kc4 h5 45. Bb7 Kf8 46. Bd5 Re7 47. Rxc5 Re3 48. Kd4 Rxh3 49. Rc7 Rh2 50. Rf7+ Ke8 51. Ke5 Rb2 52. Rh7 Rb4 53. Bc6+ Kf8 54. Kf6 Rf4+ 55. Kxg6 Rg4+ 56. Kf6 Rf4+ 57. Ke6 h4 58. Bd5 Rg4 59. Kf6 Rf4+ 60. Ke5 Rf1 61. Be6 h3 62. Bxh3 Rf7 63. Rh4 Ke7 64. Ra4 Rg7 65. Bf5 Kf8 66. Ra6 Ke7 67. Bg6 Kf8 68. Ra8+ Ke7 69. Bf5 Kf7 70. Bd7 Ke7 71. Ra7 Kf8 72. Rb7 Ke7 73. Rb2 Rg5+ 74. Bf5 Rg7 75. Rc2 Rg5 76. Re2 Rg7 77. Rh2 Kf7 78. Be6+ Ke7 79. Rh6 Kf8 80. Kd6 Ra7 81. Rh4 Ra6+ 82. Ke5 Ra7 83. Rh8+ Kg7 84. Rg8+ Kh7 85. Kf6 Rb7 86. Rg3 Kh8 87. Ra3 Ra7 88. Rd3 1-0

[Event "Belgrade Serbia op"]
[Site "Belgrade"]
[Date "2021.07.06"]
[Round "7"]
[White "Ozenir, Ekin Baris"]
[Black "Nenezic, Marko"]
[Result "0-1"]
[WhiteElo "2331"]
[BlackElo "2531"]
[PlyCount "150"]
[EventDate "2021.07.02"]
[EventType "swiss"]
[EventRounds "9"]
[EventCountry "SRB"]
[SourceTitle "CBM 203 Extra"]
[Source "ChessBase"]
[SourceDate "2021.09.30"]
[SourceVersion "1"]
[SourceVersionDate "2021.09.30"]
[SourceQuality "1"]

1. d4 Nf6 2. Bg5 c5 3. Bxf6 gxf6 4. d5 f5 5. c4 Bg7 6. Nc3 Qa5 7. Qc2 a6 8. e3 b5 9. Bd3 e6 10. Nge2 b4 11. Nd1 b3+ 12. Qd2 Qxd2+ 13. Kxd2 bxa2 14. Ndc3 d6 15. Bc2 Nd7 16. Ba4 Ke7 17. Bxd7 Bxd7 18. Rxa2 Rhb8 19. Kc2 Rb4 20. b3 a5 21. dxe6 fxe6 22. Na4 Rab8 23. Rb1 Bc6 24. f3 Bh6 25. Nac3 Rg8 26. g3 Bxf3 27. Nf4 Rgb8 28. Rxa5 Bg7 29. Ra3 R4b6 30. Ra7+ R8b7 31. Ra5 Bc6 32. Ra3 Be5 33. Nd3 Bg7 34. Nf4 Rb8 35. Ra7+ R6b7 36. Rba1 Be4+ 37. Kd2 Bc6 38. R1a6 Rxa7 39. Rxa7+ Rb7 40. Ra3 Bf6 41. Kc2 Bf3 42. Ra6 Rd7 43. Kd2 Kf7 44. Nb5 Be7 45. Ke1 Be4 46. Kd2 d5 47. cxd5 e5 48. Ne2 Rxd5+ 49. Ke1 Bc2 50. Nbc3 Rd7 51. Nc1 e4 52. Ra2 Bd3 53. Rd2 c4 54. bxc4 Bb4 55. N1a2 Ba5 56. Rb2 Bxc4 57. Kf2 Rd3 58. Ne2 Bd2 59. Rb7+ Ke8 60. Nac1 Rxe3 61. Rb8+ Kd7 62. Rb7+ Kc8 63. Rb2 Rf3+ 64. Kg2 Bxc1 65. Rc2 Be3 66. Rxc4+ Kd7 67. Nd4 Rf2+ 68. Kh3 Bxd4 69. Rxd4+ Ke6 70. g4 Ke5 71. Rd7 f4 72. Rxh7 e3 73. Re7+ Kf6 74. Re8 e2 75. g5+ Kf7 0-1

[Event "Belgrade Serbia op"]
[Site "Belgrade"]
[Date "2021.07.04"]
[Round "4"]
[White "Kuzubov, Yuriy"]
[Black "Ozenir, Ekin Baris"]
[Result "1/2-1/2"]
[WhiteElo "2653"]
[BlackElo "2331"]
[PlyCount "175"]
[EventDate "2021.07.02"]
[EventType "swiss"]
[EventRounds "9"]
[EventCountry "SRB"]
[SourceTitle "CBM 203 Extra"]
[Source "ChessBase"]
[SourceDate "2021.09.30"]
[SourceVersion "1"]
[SourceVersionDate "2021.09.30"]
[SourceQuality "1"]

1. d4 e6 2. c4 Nf6 3. Nf3 b6 4. g3 Bb7 5. Bg2 Be7 6. Nc3 Ne4 7. Bd2 Bf6 8. Qc2 Nxd2 9. Qxd2 d6 10. d5 0-0 11. Nd4 Bxd4 12. Qxd4 c5 13. Qd2 e5 14. 0-0 f5 15. f4 Nd7 16. e4 exf4 17. gxf4 Ba6 18. b3 Qh4 19. Rae1 Rae8 20. exf5 Nf6 21. Re6 Ng4 22. h3 Nh6 23. Qe1 Qxe1 24. Rfxe1 Rd8 25. f6 Nf5 26. Bf3 gxf6 27. Bg4 Ng7 28. f5 h5 29. Bd1 Nxf5 30. Rf1 Nd4 31. Re7 Rf7 32. Rfe1 h4 33. Bh5 Rh7 34. Bg6 Rh6 35. Re8+ Rxe8 36. Rxe8+ Kg7 37. Bd3 f5 38. Kf2 Rg6 39. Ne2 Nxe2 40. Bxe2 Rg3 41. Ra8 Kf6 42. Rxa7 Bc8 43. Rc7 Ba6 44. Rc6 Ke7 45. Bf1 Rc3 46. Rxb6 Bc8 47. b4 cxb4 48. Rb8 Bd7 49. Rxb4 Rc2+ 50. Kf3 Rxa2 51. Rb7 Kd8 52. Rb8+ Bc8 53. Rb1 Ke7 54. Re1+ Kf7 55. Rb1 Ke7 56. Kf4 Kf6 57. Bd3 Ra3 58. Be2 Ra2 59. Bf1 Bd7 60. Bd3 Ra3 61. Be2 Ra2 62. Bh5 Ra4 63. Rc1 Bb5 64. Be2 Ba6 65. Bd3 Rb4 66. Re1 Bxc4 67. Re6+ Kf7 68. Bxc4 Rxc4+ 69. Kxf5 Rc3 70. Rxd6 Rxh3 71. Rd7+ Ke8 72. Ke6 Re3+ 73. Kd6 Ra3 74. Rb7 h3 75. Rh7 Ra6+ 76. Ke5 Kd8 77. Rxh3 Kd7 78. Rh7+ Kd8 79. Rh1 Kd7 80. Rh8 Rb6 81. Kd4 Ra6 82. Rh7+ Kd8 83. Kc5 Rg6 84. d6 Rg1 85. Rc7 Rc1+ 86. Kd5 Rxc7 87. dxc7+ Kxc7 88. Ke4 1/2-1/2